Statistiche per Riconosci la Squadra di calcio - Quiz n°172

Clicka qui per fare il quiz!

Statistiche generali

  • Questo quiz è stato fatto 3 volte
  • Il punteggio medio è 6 su 9

Statistiche sulle risposte

IndizioRisposta% Corretto
Divisione nazionale 2023-2024Prima
100%
Colori socialiRosso
100%
Fondazione1903
67%
Titoli nazionali4 Titoli di Scozia
67%
Trofei nazionali7 Scottish Cup
6 Scottish League Cup
67%
ConfederazioneUEFA
67%
Trofei internazionali1 Coppe delle Coppe
1 Supercoppe UEFA
33%
Capienza Stadio22 200 posti
33%
SquadraAberdeen
33%

Distribuzione punteggi

Percentile per numero di risposta

Percentuale di utenti per punteggio

I tuoi punteggi nel tempo

Non hai fatto questo quiz